000 00392nam a22001337a 4500
082 _a607
_bPOY
_cL-6, P-7
100 _aPoyser, F.L.
_940253
245 _aA modern first course in engineering science/
260 _aLondon:
_bUniversity Tutorial Press ltd,
_cc1953
300 _a295 p.;
_bdiagram.;
_c16cm
526 _a0
_b0
_c0
_d607_000000000000000_POY
650 _aMCE
_9379
942 _2ddc
_cBK
999 _c544589
_d544589